Reyes de España - ¡Muerte súbita! - Estadísticas

Estadísticas generales
  • Esta prueba ha sido intentada 14.662 veces
  • La puntuación promedio es 9 de 15
Answers on the Grid
Answers color-coded by a green-red scale on the quiz's grid according to % correct below.
Alfonso XII
Alfonso XIII
Amadeo I
Ana II
Andrés II
Carlos II
Carlos IV
Carlos X
Felipe I
Felipe III
Felipe VI
Fernando V
Fernando VII
Isabel I
Isabel II
José II
Juan Carlos I
Juan Carlos II
Juan Miguel I
Juana Carla I
Juana I
Juana II
Luis I
Ricardo I
 
Estadísticas de respuestas
Respuesta % Correcto
Felipe VI
76%
Juan Carlos I
73%
Felipe III
70%
Alfonso XII
68%
Alfonso XIII
68%
Carlos IV
66%
Felipe I
66%
Fernando VII
66%
Isabel I
66%
Isabel II
66%
Carlos II
63%
Fernando V
59%
Amadeo I
57%
Juana I
46%
Luis I
33%
No se encontraron pruebas coincidentes
Distribución de puntuación
Porcentaje de gente con cada puntuación
Porcentaje por número respondido
Historial de tus puntuaciones
No has intentado esta prueba.